MARC details
| 000 -CABECERA |
| campo de control de longitud fija |
01551nam a2200337 4500 |
| 003 - IDENTIFICADOR DEL NÚMERO DE CONTROL |
| campo de control |
EC-UNACH |
| 005 - FECHA Y HORA DE LA ÚLTIMA TRANSACCIÓN |
| campo de control |
20260317095537.0 |
| 006 - CÓDIGOS DE INFORMACIÓN DE LONGITUD FIJA--CARACTERÍSTICAS DEL MATERIAL ADICIONAL |
| campo de control de longitud fija |
s||||gr|||| 00| 00 |
| 008 - DATOS DE LONGITUD FIJA--INFORMACIÓN GENERAL |
| campo de control de longitud fija |
150116t9999 mx r gr 000 0 spa d |
| 020 ## - NÚMERO INTERNACIONAL ESTÁNDAR DEL LIBRO |
| Número Internacional Estándar del Libro |
978-958-20-0939-7 |
| 040 ## - FUENTE DE LA CATALOGACIÓN |
| Centro catalogador/agencia de origen |
EC-UNACH |
| Centro/agencia transcriptor |
EC-UNACH |
| 041 ## - CÓDIGO DE LENGUA |
| Código de lengua del texto/banda sonora o título independiente |
Español |
| 082 04 - NÚMERO DE LA CLASIFICACIÓN DECIMAL DEWEY |
| Número de edición |
23 |
| Número de clasificación |
513.26 |
| Número de documento/Ítem |
L018585 |
| 100 ## - ENTRADA PRINCIPAL--NOMBRE DE PERSONA |
| Nombre de persona |
D´Amore, Bruno |
| 245 ## - MENCIÓN DE TÍTULO |
| Título |
Competencias y Matemática |
| 250 ## - MENCIÓN DE EDICIÓN |
| Mención de edición |
Segunda Edición |
| 264 ## - Producción, publicación, distribución, fabricación y copyright |
| Lugar de producción, publicación, distribución, fabricación |
Bogotá, D.C.- Colombia |
| Nombre del de productor, editor, distribuidor, fabricante |
Didácticas Magisterio |
| Fecha de de producción, publicación, distribución, fabricación o copyright |
2012 |
| 300 ## - DESCRIPCIÓN FÍSICA |
| Extensión |
103 páginas |
| Otras características físicas |
Figuras, imágenes |
| Dimensiones |
24 x 16 centímetros |
| 501 ## - NOTA DE "CON" |
| Nota de “Con” |
Incluye Contenido, Prólogo, Bibliográfia |
| 505 ## - NOTA DE CONTENIDO CON FORMATO |
| Nota de contenido con formato |
Capítulo 1. Contenidos, conocimientos, capacidades, núcleos fundacionales, competencias: la complejidad de la construcción del saber y de la evaluación de competencias -- Capítulo 2. "Competencias": objetivo de quien construye su propio saber -- Capítulo 3. "Ser competente", un desafío con raíces antropológicas -- Capítulo 4. Perspectiva ontosemiótica de la competencia y comprensión matemática -- Capítulo 5. Competencia y comprensión matemática. ¿Qué son y cómo se consiguen? |
| 650 ## - PUNTO DE ACCESO ADICIONAL DE MATERIA--TÉRMINO DE MATERIA |
| Término de materia o nombre geográfico como elemento inicial |
PERSPECTIVA ONTOSEMIÓTICA |
| 650 ## - PUNTO DE ACCESO ADICIONAL DE MATERIA--TÉRMINO DE MATERIA |
| Término de materia o nombre geográfico como elemento inicial |
COMPRENSIÓN INSTRUMENTAL |
| 650 ## - PUNTO DE ACCESO ADICIONAL DE MATERIA--TÉRMINO DE MATERIA |
| Término de materia o nombre geográfico como elemento inicial |
COMPRENSIÓN DE LAS MATEMÁTICAS |
| 650 ## - PUNTO DE ACCESO ADICIONAL DE MATERIA--TÉRMINO DE MATERIA |
| Término de materia o nombre geográfico como elemento inicial |
COMPRENSIÓN RELACIONAL |
| 700 ## - PUNTO DE ACCESO ADICIONAL--NOMBRE DE PERSONA |
| Nombre de persona |
Godino Juan D. |
| Término indicativo de función/relación |
Autor |
| 700 ## - PUNTO DE ACCESO ADICIONAL--NOMBRE DE PERSONA |
| Nombre de persona |
Fandiño P., Martha I. |
| Término indicativo de función/relación |
Autor |
| 942 ## - ELEMENTOS DE PUNTO DE ACCESO ADICIONAL (KOHA) |
| Fuente del sistema de clasificación o colocación |
Clasificación Decimal Dewey |
| Tipo de ítem Koha |
Libros |
| 999 ## - NÚMEROS DE CONTROL DE SISTEMA (KOHA) |
| Koha biblionumber |
14424 |